Environmental valuation in developed countries : case studies

Αποθηκεύτηκε σε:
Λεπτομέρειες βιβλιογραφικής εγγραφής
Άλλοι συγγραφείς: Pearce, David W. (David William) (Επιμελητής έκδοσης)
Μορφή: Βιβλίο
Γλώσσα:English
Δημοσίευση: Cheltenham : Northampton, 2006
Θέματα:
Ετικέτες: Προσθήκη ετικέτας
Δεν υπάρχουν, Καταχωρήστε ετικέτα πρώτοι!

MARC

LEADER 00000nam a2200000 i 4500
001 1/90120
008 080630s2006 eng d
020 |a 1-84064-147-9 
035 |l 10098552 
040 |a GR-MY-UA  |b gre  |e aacr 
041 0 |a eng 
082 0 |a 333  |2 (22) 
245 1 0 |a Environmental valuation in developed countries :  |b case studies /  |c edited by David W. Pearce 
260 |a Cheltenham :   |b Northampton,   |c 2006 
300 |a xiii, 458 σ.;  |b διαγρ., πίν. ;  |c 24 εκ. 
504 |a Περιέχει βιβλιογραφικές αναφορές 
504 |a Ευρετήριο: σ. 449-458 
650 0 0 |a Environmental economics  |x Case studies. 
650 0 0 |a Environmental policy  |x Cost effectiveness  |x Congresses. 
650 0 0 |a Natural resources  |x Valuation  |x Case studies. 
700 1 |a Pearce, David W.  |q (David William)  |4 edt 
852 |a INST  |b LESVOS  |e 20080630  |h 333 ENV  |p 005100042670  |q 005100042670  |t BK  |y 0 
901 |a BIBL1-2008-2 
909 |a Λ  |b 152113 
922 |a 1ΕΛΗ  |b 200803  |c ΕΠΕΑΕΚ2/ΤΠ  |d ΕΛΕΥΘΕΡΟΥΔΑΚΗΣ 
970 |a ΧΑΤΖΗΜΙΧΑΗΛ  |b ΜΑΡΙΑ  |z 2008/06/30